|
|
|
|
| LEADER |
00000nam a2200000 a 4500 |
| 001 |
UCL4628 |
| 003 |
CL-VaPUC |
| 008 |
040123e20000000SP |||||||||||||||||spa|d |
| 020 |
|
|
|a 8483331098
|
| 082 |
0 |
4 |
|a 342.4606
|b GOM
|2 21
|
| 100 |
0 |
|
|a Gómez Fernández-Cabrera, Jesús
|e author
|9 482260
|
| 245 |
1 |
0 |
|a Derecho y administración pública en internet: índice de recursos de información jurídico-administrativa
|
| 300 |
|
|
|a 176 p
|
| 942 |
|
|
|c BK
|
| 945 |
|
|
|d 20040123 00:00:00
|a cmena
|
| 260 |
|
|
|a Sevilla
|b IAAP
|c 2000
|
| 650 |
|
7 |
|a DERECHO ADMINISTRATIVO ESPAÑOL
|2 CL-VaPUC
|9 482261
|
| 650 |
|
0 |
|a Administración pública
|9 255343
|
| 650 |
|
0 |
|a Informática jurídica
|9 255009
|
| 650 |
|
0 |
|a Internet
|9 254823
|
| 651 |
|
0 |
|a España
|9 254926
|
| 583 |
|
|
|a last modification
|c 20040123 00:00:00
|k Rodrigo Vera
|
| 999 |
|
|
|c 307444
|d 307442
|
| 952 |
|
|
|0 0
|1 0
|4 0
|6 342_460600000000000_GOM_2000
|7 0
|8 A
|9 373407
|a BIBDER
|b BIBDER
|d 2019-11-21
|i 3891410
|o 342.4606 GOM 2000
|p 3891410
|r 2023-01-25
|w 2019-11-21
|y BK
|k DER
|